[Event "Baku Ahiita op"]
[Site "Baku"]
[Date "2015.11.19"]
[Round "6"]
[White "Hasanzade, Vahid"]
[Black "Mehraliyev, Emil"]
[Result "0-1"]
[WhiteElo "1507"]
[BlackElo "1462"]
[PlyCount "46"]
[EventDate "2015.11.14"]
[EventType "swiss"]
[EventRounds "7"]
[EventCountry "AZE"]
[SourceTitle "EXT 2024"]
[Source "ChessBase"]
[SourceDate "2023.10.10"]
[SourceVersion "1"]
[SourceVersionDate "2023.10.10"]
[SourceQuality "1"]

1. e4 e5 2. Nf3 Nc6 3. Bc4 Bc5 4. c3 Nf6 5. d4 exd4 6. cxd4 Bb4+ 7. Nc3 Nxe4 8. 0-0 Bxc3 9. Bxf7+ Kxf7 10. Qb3+ d5 11. bxc3 b6 12. Re1 Re8 13. Bf4 Na5 14. Qb4 Nc4 15. Rxe4 dxe4 16. Qxc4+ Be6 17. Ne5+ Kg8 18. Qe2 Qd5 19. Rd1 Qxa2 20. Qh5 Bf7 21. Qh4 Rad8 22. Bg5 Rd5 23. c4 Rxd4 0-1

[Event "Baku Ahiita op"]
[Site "Baku"]
[Date "2015.11.18"]
[Round "5"]
[White "Ahmadov, Murad"]
[Black "Mehraliyev, Emil"]
[Result "1-0"]
[WhiteElo "1529"]
[BlackElo "1462"]
[PlyCount "51"]
[EventDate "2015.11.14"]
[EventType "swiss"]
[EventRounds "7"]
[EventCountry "AZE"]
[SourceTitle "EXT 2024"]
[Source "ChessBase"]
[SourceDate "2023.10.10"]
[SourceVersion "1"]
[SourceVersionDate "2023.10.10"]
[SourceQuality "1"]

1. e4 e5 2. Nf3 Nc6 3. d4 exd4 4. Bc4 d6 5. 0-0 Ne5 6. Nxe5 dxe5 7. f4 exf4 8. Bxf4 f5 9. exf5 Nf6 10. Bg5 Bc5 11. Re1+ Kf8 12. Qd3 Qd6 13. Nd2 Bd7 14. Bxf6 Qxf6 15. Ne4 Qb6 16. f6 Bf5 17. fxg7+ Kxg7 18. Qg3+ Bg6 19. Qe5+ Kh6 20. Nxc5 Qxb2 21. Qf4+ Kg7 22. Ne6+ Kg8 23. Nd8+ Kg7 24. Re7+ Bf7 25. Rxf7+ Kg8 26. Re7# 1-0